00914nam a2200253 a 450000100060000000300080000600500170001400800410003102000170007203500190008904000270010804100080013508200260014324500910016926000330026030000320029350400370032565000280036270000380039083000460042894200120047499900170048695201570050370312BD-RjUL20211209082002.0170417s2003 nyua b 001 0 eng d a0387001352 : a(BD-RjUL)70526 aDLCcDLCdBD-RjULbeng aeng00a572.865223bDES 200300aDesign and analysis of DNA microarray investigations /cRichard M. Simon ... [et al.]. aNew York :bSpringer,c2003. ax, 199 p. :bill. ;c24 cm. aIncludes Bibliography and Index. aGene Expression92082131 aSimon, Richard M.,d1943-9208214 aStatistics for biology and health9208212 2ddccBK c70312d70312 00102ddc40718NFICaRUCLbRUCLcReadingd2021-12-09eParagon Enterprises, Dhakag59.95l0o572.865 DES 2003r2017-04-17 00:00:00tC-1w2017-04-17yBK